000 00627cam a2200181 4500
008 090423t20052005sp 000 0 spa u
020 _a849772772
035 _aa480959
050 0 4 _aKKT1846
_bE76 2005
100 1 _aEspinosa Infante, José Miguel
245 1 0 _aDerecho civil, derecho de sucesiones :
_bContestaciones al programa de oposiciones a notarías /
_cJosé Miguel Espinosa Infante.
250 _a1a ed.
260 _aMadrid, España :
_bDYKINSON,
_c2005
300 _a457 páginas ;
_c24 cm.
504 _aIncluye índice analítico
650 7 _aNotarios
_zEspaña
_2Lemb
650 7 _aDerecho civil
_zEspaña
_2Lemb
942 _2lcc
_cLIB
999 _c147510
_d147508